[Event "ITT Semana Santa 2012"]
[Site "Diario abc color"]
[Date "2012.04.02"]
[Round "1.1"]
[White "Peralta, Eduardo"]
[Black "Mendez, Ernesto"]
[Result "0-1"]
[WhiteElo "2265"]
[BlackElo "2358"]
[PlyCount "106"]
[EventDate "2012.04.02"]

1. e4 c6 2. d4 d5 3. exd5 cxd5 4. c4 Nf6 5. Nc3 e6 6. Nf3 Bb4 7. Bd3 dxc4 8.
Bxc4 O-O 9. O-O b6 10. a3 Bxc3 11. bxc3 Bb7 12. Ne5 Nbd7 13. Ba2 Nxe5 14. dxe5
Qxd1 15. Rxd1 Ne4 16. Bb2 Rfc8 17. Rac1 Rc7 18. Rd4 Rac8 19. Bb1 Rc4 20. Bxe4
Bxe4 21. Rcd1 Bd5 22. Rxc4 Rxc4 23. Rd4 Kf8 24. Rxc4 Bxc4 25. f3 Ke7 26. Kf2
Kd7 27. Ke3 Kc6 28. Kd4 Bf1 29. g3 Kb5 30. f4 Ka4 31. g4 Kb3 32. Bc1 Be2 33. g5
g6 34. h3 Bf1 35. h4 Bb5 36. Be3 Be2 37. Bc1 Bf1 38. Bd2 a5 39. Bc1 Ba6 40. Bd2
Kxa3 41. c4 Kb2 42. c5 bxc5+ 43. Kxc5 a4 44. Be3 Kc3 45. Bc1 Kc2 46. Be3 a3 47.
Kd6 Kc3 48. Kc5 a2 49. Bd4+ Kd3 50. Ba1 Ke4 51. Kd6 Kxf4 52. Ke7 Kg4 53. Kxf7
Kxh4 0-1

[Event "ITT Semana Santa 2012"]
[Site "Diario abc color"]
[Date "2012.04.02"]
[Round "1.3"]
[White "Latorre, Matias"]
[Black "Villalba, Marcelo"]
[Result "1-0"]
[WhiteElo "2252"]
[BlackElo "2213"]
[PlyCount "75"]
[EventDate "2012.04.02"]

1. c4 Nf6 2. Nc3 c6 3. Nf3 d5 4. e3 g6 5. d4 Bg7 6. Bd3 O-O 7. O-O Bg4 8. h3
Bxf3 9. Qxf3 Re8 10. Rd1 e6 11. b3 Nbd7 12. Bb2 Qe7 13. Qe2 Rad8 14. a4 e5 15.
Ba3 Qe6 16. cxd5 cxd5 17. dxe5 Qxe5 18. Nb5 a6 19. Nd6 Re6 20. Nxb7 Rb8 21. Nc5
Nxc5 22. Bxc5 Rxb3 23. Bxa6 Rb2 24. Qf1 Ne4 25. Bd4 Qd6 26. Bxb2 Bxb2 27. Rab1
Nc3 28. Rxb2 Nxd1 29. Qxd1 Qxa6 30. Rb8+ Kg7 31. Qd4+ f6 32. Qxd5 Kh6 33. Qb5
Qd6 34. Qb4 Qc7 35. Rb7 Qc1+ 36. Kh2 g5 37. Qf8+ Kg6 38. g4 1-0

[Event "ITT Semana Santa 2012"]
[Site "Diario abc color"]
[Date "2012.04.02"]
[Round "1.4"]
[White "Salinas Herrera, Pablo"]
[Black "Valiente, Cristobal"]
[Result "1-0"]
[WhiteElo "2366"]
[BlackElo "2257"]
[PlyCount "69"]
[EventDate "2012.04.02"]

1. d4 Nf6 2. c4 e6 3. Nc3 Bb4 4. e3 O-O 5. Bd3 c5 6. Nf3 d5 7. O-O Nc6 8. a3
Bxc3 9. bxc3 dxc4 10. Bxc4 Qc7 11. h3 b6 12. Qe2 e5 13. Bb2 Bf5 14. Ba2 Rfe8
15. d5 Ne7 16. Nh4 Bd7 17. e4 b5 18. Rad1 Nc8 19. Bc1 Nd6 20. Bb1 h6 21. f4 Nc4
22. d6 Qd8 23. fxe5 Rxe5 24. Nf3 Re6 25. e5 Bc6 26. Bf4 Nxa3 27. Bf5 Nd5 28.
Qe4 Nb4 29. Qe3 Nd5 30. Qxc5 Qb6 31. Qxb6 axb6 32. Nd4 Bd7 33. Nxe6 fxe6 34.
Rxd5 exf5 35. Ra1 1-0

[Event "ITT Semana Santa 2012"]
[Site "Diario abc color"]
[Date "2012.04.02"]
[Round "1.5"]
[White "Garcia, Raimundo"]
[Black "Vazquez, Guillermo"]
[Result "0-1"]
[WhiteElo "2338"]
[BlackElo "2296"]
[PlyCount "74"]
[EventDate "2012.04.02"]

1. Nf3 f5 2. g3 Nf6 3. Bg2 g6 4. O-O Bg7 5. d4 O-O 6. b3 d6 7. Bb2 c6 8. Nbd2
a5 9. a3 Na6 10. Re1 Qc7 11. c4 Re8 12. e4 fxe4 13. Nxe4 Nxe4 14. Rxe4 e5 15.
dxe5 dxe5 16. Qe2 Nc5 17. Bxe5 Bxe5 18. Rxe5 Rxe5 19. Nxe5 Nxb3 20. Rd1 Bf5 21.
Qe3 a4 22. Be4 Re8 23. f4 Bxe4 24. Qxe4 Qe7 25. Qd3 Qxa3 26. Ng4 Qf8 27. Qc3
Re6 28. Rd8 Re1+ 29. Kf2 Qxd8 30. Nh6+ Kf8 31. Qh8+ Ke7 32. Qxh7+ Ke6 33. Qxg6+
Kd7 34. Kxe1 Qe8+ 35. Qxe8+ Kxe8 36. Nf5 a3 37. Ne3 Nd4 0-1

[Event "ITT Semana Santa 2012"]
[Site "Diario abc color"]
[Date "2012.04.03"]
[Round "2.1"]
[White "Mendez, Ernesto"]
[Black "Vazquez, Guillermo"]
[Result "1/2-1/2"]
[WhiteElo "2358"]
[BlackElo "2296"]
[PlyCount "94"]
[EventDate "2012.04.02"]

1. d4 f5 2. g3 Nf6 3. Bg2 g6 4. Nh3 Bg7 5. Nf4 O-O 6. c3 Nc6 7. h4 e5 8. dxe5
Nxe5 9. h5 c6 10. hxg6 hxg6 11. Nd2 d5 12. Nf3 Nxf3+ 13. Bxf3 Qe8 14. Be3 b6
15. a4 Qf7 16. a5 Rb8 17. axb6 axb6 18. Bd4 g5 19. Nh5 Nxh5 20. Rxh5 Qe7 21.
Bxg7 Qxg7 22. Qd2 f4 23. Bxd5+ cxd5 24. Qxd5+ Qf7 25. Rxg5+ Kh7 26. O-O-O Qxd5
27. Rdxd5 fxg3 28. Rxg3 Bf5 29. e4 Bg6 30. f3 Rfd8 31. Re5 Rb7 32. Reg5 Rd6 33.
Rh3+ Kg8 34. f4 Rh7 35. Rhg3 Kf7 36. f5 Bh5 37. Rh3 Rdh6 38. e5 Be2 39. Rxh6
Rxh6 40. Kd2 Bc4 41. Ke3 Rh4 42. Rg6 b5 43. Rd6 Ke7 44. f6+ Kf7 45. Kf3 Be6 46.
Ke3 b4 47. cxb4 Rxb4 1/2-1/2

[Event "ITT Semana Santa 2012"]
[Site "Diario abc color"]
[Date "2012.04.03"]
[Round "2.2"]
[White "Valiente, Cristobal"]
[Black "Garcia, Raimundo"]
[Result "1/2-1/2"]
[WhiteElo "2257"]
[BlackElo "2338"]
[PlyCount "139"]
[EventDate "2012.04.02"]

1. c4 g6 2. Nc3 Bg7 3. g3 e5 4. Bg2 Nf6 5. d3 O-O 6. Nf3 Re8 7. O-O c6 8. e4 d6
9. Rb1 h6 10. Ne1 Be6 11. f4 Qd7 12. Nc2 Na6 13. Ne3 exf4 14. gxf4 Bh3 15. f5
Bxg2 16. Kxg2 Rad8 17. Ng4 Nxg4 18. Qxg4 Kh7 19. Be3 Nb4 20. Rbd1 Nc2 21. Bxa7
b5 22. Bg1 b4 23. Ne2 d5 24. Ng3 Qe7 25. Rd2 b3 26. axb3 Nb4 27. cxd5 cxd5 28.
f6 Bxf6 29. Rdf2 Bg7 30. Rxf7 Qe5 31. exd5 Qxd5+ 32. Kh3 Nxd3 33. Qc4 Ne5 34.
Qxd5 Rxd5 35. Rb7 Rf8 36. Re1 Kg8 37. Rc1 Rd2 38. Rcc7 Nf7 39. Bc5 Ng5+ 40. Kg4
Rf7 41. Be3 Rd5 42. Rxf7 Nxf7 43. b4 Ne5+ 44. Kh3 Nc4 45. Bc5 Bxb2 46. Ne4 Rf5
47. Kg2 Bg7 48. Rc7 Rf4 49. Rc8+ Kh7 50. Re8 Ne5 51. Nd6 g5 52. b5 Nd3 53. Bg1
Be5 54. Re7+ Kg6 55. Re6+ Kh5 56. h3 Ne1+ 57. Kh1 Bxd6 58. Rxe1 Rf3 59. Re3 Rf1
60. Kg2 Rb1 61. Re6 Rb2+ 62. Kf3 Rb3+ 63. Ke4 Bf4 64. b6 Rxh3 65. b7 Rb3 66.
Rb6 Rxb6 67. Bxb6 Kg4 68. Ba7 h5 69. Be3 Bb8 70. Bxg5 1/2-1/2

[Event "ITT Semana Santa 2012"]
[Site "Diario abc color"]
[Date "2012.04.03"]
[Round "2.3"]
[White "Villalba, Marcelo"]
[Black "Salinas Herrera, Pablo"]
[Result "1/2-1/2"]
[WhiteElo "2213"]
[BlackElo "2366"]
[PlyCount "47"]
[EventDate "2012.04.02"]

1. e4 c5 2. Nf3 e6 3. d4 cxd4 4. Nxd4 Nf6 5. Nc3 d6 6. Be2 a6 7. O-O Be7 8. Be3
O-O 9. f4 Qc7 10. Qe1 Nc6 11. Rd1 Re8 12. Qg3 Bd7 13. Kh1 Nxd4 14. Bxd4 Bc6 15.
e5 dxe5 16. fxe5 Ne4 17. Qg4 Nxc3 18. Bxc3 Bf8 19. Bd3 Rad8 20. Ba5 Qxa5 21.
Bxh7+ Kxh7 22. Qh5+ Kg8 23. Qxf7+ Kh8 24. Qh5+ 1/2-1/2

[Event "ITT Semana Santa 2012"]
[Site "Diario abc color"]
[Date "2012.04.03"]
[Round "2.4"]
[White "Rego, Vinicius V  De Alme"]
[Black "Latorre, Matias"]
[Result "1-0"]
[WhiteElo "2274"]
[BlackElo "2252"]
[PlyCount "77"]
[EventDate "2012.04.02"]

1. d4 Nf6 2. c4 g6 3. Nc3 d5 4. cxd5 Nxd5 5. g3 Bg7 6. Bg2 Nb6 7. e3 e5 8. d5
O-O 9. Nge2 f5 10. e4 f4 11. f3 Qe7 12. b3 c6 13. a4 Rd8 14. a5 N6d7 15. Ba3
Qf7 16. Qc2 Nf6 17. Rd1 cxd5 18. Nxd5 Nxd5 19. Rxd5 Re8 20. O-O Be6 21. Rd3 Nc6
22. a6 Rac8 23. axb7 Qxb7 24. Qd2 fxg3 25. hxg3 Red8 26. Bd6 Qb6+ 27. Kh2 Na5
28. Bh3 Bxh3 29. Kxh3 Rc6 30. Bxe5 Rxd3 31. Qxd3 Bxe5 32. Qd5+ Re6 33. b4 Nb7
34. f4 Qc6 35. Rc1 Qxd5 36. exd5 Bxf4 37. Rc8+ Kg7 38. dxe6 Bd6 39. e7 1-0

[Event "ITT Semana Santa 2012"]
[Site "Diario abc color"]
[Date "2012.04.04"]
[Round "3.1"]
[White "Garcia, Raimundo"]
[Black "Villalba, Marcelo"]
[Result "1/2-1/2"]
[WhiteElo "2338"]
[BlackElo "2213"]
[PlyCount "75"]
[EventDate "2012.04.02"]

1. c4 Nf6 2. Nc3 c6 3. e4 d5 4. exd5 cxd5 5. d4 Nc6 6. Nf3 Bg4 7. Be3 e6 8. c5
e5 9. Be2 e4 10. Ne5 Bxe2 11. Qxe2 Nd7 12. Nxd7 Qxd7 13. f3 exf3 14. Qxf3 Be7
15. O-O O-O-O 16. Qxf7 Ne5 17. dxe5 d4 18. c6 bxc6 19. e6 Qb7 20. Bf4 Rhf8 21.
Qh5 dxc3 22. bxc3 Rd5 23. Qe2 Rdf5 24. Be3 c5 25. Rxf5 Rxf5 26. Rd1 Rd5 27. c4
Rxd1+ 28. Qxd1 Qc6 29. Qd5 Kb7 30. Kf1 g5 31. Ke2 Kc7 32. Kf3 Qe8 33. Bxc5 Qf8+
34. Ke4 Bxc5 35. Qd7+ Kb6 36. Qb5+ Kc7 37. Qd7+ Kb6 38. Qb5+ 1/2-1/2

[Event "ITT Semana Santa 2012"]
[Site "Diario abc color"]
[Date "2012.04.04"]
[Round "3.2"]
[White "Latorre, Matias"]
[Black "Peralta, Eduardo"]
[Result "1-0"]
[WhiteElo "2252"]
[BlackElo "2265"]
[PlyCount "75"]
[EventDate "2012.04.02"]

1. g3 Nf6 2. Bg2 g6 3. c4 Bg7 4. Nc3 O-O 5. e4 d6 6. Nge2 e5 7. O-O Nbd7 8. h3
Re8 9. d3 c6 10. Be3 Nb6 11. b3 Be6 12. d4 exd4 13. Nxd4 d5 14. cxd5 cxd5 15.
Nxe6 fxe6 16. e5 Nfd7 17. f4 a6 18. h4 Rc8 19. Ne2 Nf8 20. Qd4 Nbd7 21. Qb4 b6
22. Rac1 Nc5 23. Bxc5 bxc5 24. Rxc5 Qe7 25. Rfc1 Nd7 26. Rxc8 Qxb4 27. Rxe8+
Kf7 28. Rec8 Ke7 29. Nc3 Nxe5 30. fxe5 Bxe5 31. Ne2 d4 32. Rd1 Qd6 33. Rc6 Qd7
34. Rd3 Bb8 35. Rb6 Bc7 36. Rb7 e5 37. Nc3 Qf5 38. Rf3 1-0

[Event "ITT Semana Santa 2012"]
[Site "Diario abc color"]
[Date "2012.04.04"]
[Round "3.4"]
[White "Vazquez, Guillermo"]
[Black "Valiente, Cristobal"]
[Result "1/2-1/2"]
[WhiteElo "2296"]
[BlackElo "2257"]
[PlyCount "67"]
[EventDate "2012.04.02"]

1. e4 c5 2. Nf3 e6 3. Nc3 Nc6 4. Bb5 Nge7 5. O-O a6 6. Bxc6 Nxc6 7. d4 cxd4 8.
Nxd4 d6 9. Nxc6 bxc6 10. Be3 Be7 11. Na4 Rb8 12. c4 c5 13. Qc2 Qc7 14. Rad1 O-O
15. Rd2 Bb7 16. f3 Bc6 17. Nc3 Rfd8 18. Rfd1 Rd7 19. Rd3 Qb7 20. R1d2 Rbd8 21.
Nd5 exd5 22. exd5 Bb5 23. Rb3 Qa8 24. cxb5 axb5 25. Rxb5 Qxa2 26. b4 Qa1+ 27.
Rd1 Qe5 28. Bf2 cxb4 29. Rxb4 Bf6 30. Qa4 Re7 31. Re4 Qc3 32. Rc4 Qb2 33. Rb4
Qc3 34. Rc4 1/2-1/2

[Event "ITT Semana Santa 2012"]
[Site "Diario abc color"]
[Date "2012.04.04"]
[Round "3.5"]
[White "Salinas Herrera, Pablo"]
[Black "Rego, Vinicius"]
[Result "1-0"]
[WhiteElo "2366"]
[BlackElo "2274"]
[PlyCount "75"]
[EventDate "2012.04.02"]

1. d4 Nf6 2. c4 c5 3. d5 b5 4. cxb5 a6 5. bxa6 g6 6. Nc3 Bxa6 7. g3 d6 8. Bg2
Bg7 9. Nf3 Nbd7 10. Rb1 O-O 11. O-O Ng4 12. Qc2 Qa5 13. Bd2 Rfb8 14. b3 Qa3 15.
Na4 Nge5 16. Bc1 Qb4 17. a3 Qa5 18. Bd2 Qc7 19. Nc3 Ra7 20. Rfd1 Rab7 21. Be1
Nxf3+ 22. Bxf3 Rb6 23. Na4 R6b7 24. Bg2 Ne5 25. h3 Qc8 26. f4 Nd7 27. e4 Bd4+
28. Kh2 Qf8 29. b4 h5 30. e5 Qh6 31. bxc5 Rxb1 32. Rxb1 Rxb1 33. Qxb1 Nxe5 34.
fxe5 Qe3 35. Bc3 Bxc3 36. Nxc3 Qxc3 37. exd6 h4 38. Qb8+ 1-0

[Event "ITT Semana Santa 2012"]
[Site "Diario abc color"]
[Date "2012.04.05"]
[Round "4.1"]
[White "Mendez, Ernesto"]
[Black "Valiente, Cristobal"]
[Result "1/2-1/2"]
[WhiteElo "2358"]
[BlackElo "2257"]
[PlyCount "24"]
[EventDate "2012.04.02"]

1. d4 Nf6 2. c4 e6 3. Nc3 d5 4. Nf3 Be7 5. Bg5 h6 6. Bh4 O-O 7. e3 b6 8. Be2
Bb7 9. O-O Nbd7 10. Rc1 dxc4 11. Bxc4 c5 12. Qe2 Ne4 1/2-1/2

[Event "ITT Semana Santa 2012"]
[Site "Diario abc color"]
[Date "2012.04.05"]
[Round "4.2"]
[White "Villalba, Marcelo"]
[Black "Vazquez, Guillermo"]
[Result "1-0"]
[WhiteElo "2213"]
[BlackElo "2296"]
[PlyCount "69"]
[EventDate "2012.04.02"]

1. e4 c5 2. Nf3 e6 3. d4 cxd4 4. Nxd4 Nc6 5. Nc3 Qc7 6. Nb3 a6 7. Bd3 b5 8. O-O
Bb7 9. f4 Nf6 10. Qf3 Na5 11. Be3 Nc4 12. Bd4 d6 13. Bxf6 gxf6 14. Bxc4 bxc4
15. Nd2 h5 16. f5 Be7 17. b3 Rc8 18. bxc4 h4 19. Kh1 Qa5 20. Rab1 Ba8 21. Qd3
Qe5 22. Nf3 Qc5 23. Na4 Qc7 24. Nb6 Rb8 25. Nxa8 Rxa8 26. Nd4 Qd7 27. Rb3 Bd8
28. fxe6 fxe6 29. Qh3 Kf7 30. Rf4 Rc8 31. Rxh4 Rxh4 32. Qxh4 Rxc4 33. Qh7+ Ke8
34. Qg8+ Ke7 35. Rg3 1-0

[Event "ITT Semana Santa 2012"]
[Site "Diario abc color"]
[Date "2012.04.05"]
[Round "4.3"]
[White "Rego, Vinicius V  De Alme"]
[Black "Garcia, Raimundo"]
[Result "1-0"]
[WhiteElo "2274"]
[BlackElo "2338"]
[PlyCount "153"]
[EventDate "2012.04.02"]

1. d4 d5 2. Nf3 c5 3. g3 Nc6 4. Bg2 Nf6 5. O-O e6 6. b3 Be7 7. Bb2 O-O 8. Nbd2
Bd7 9. c4 Rc8 10. cxd5 exd5 11. Rc1 cxd4 12. Nxd4 Qa5 13. Nxc6 bxc6 14. Qc2
Rfe8 15. e3 h6 16. Bc3 Qd8 17. Bd4 a5 18. Bc5 Bxc5 19. Qxc5 Rb8 20. Qa3 Qb6 21.
Rc5 Ra8 22. Rfc1 Qb4 23. Qb2 Qb6 24. Qd4 Qb4 25. Qb2 Qb6 26. a3 Reb8 27. Qd4
Qd8 28. h3 Qe7 29. Kh2 Re8 30. Qc3 Qd8 31. Re1 Qb6 32. Rc1 Reb8 33. Qd3 Qd8 34.
Qd4 Qe7 35. Qh4 Kf8 36. Qa4 Qd8 37. R1c3 Kg8 38. Qf4 Qe7 39. Rxa5 g5 40. Qa4
Qd8 41. Rxa8 Rxa8 42. Qb4 Ne8 43. a4 Nc7 44. Qd6 Ne6 45. Nf3 Be8 46. Qxd8 Rxd8
47. h4 Kg7 48. Bh3 Kf6 49. hxg5+ hxg5 50. Bxe6 fxe6 51. Nd4 Rc8 52. b4 e5 53.
Nc2 Ra8 54. a5 Ke6 55. f4 d4 56. exd4 exf4 57. Rc5 Kf6 58. gxf4 gxf4 59. Kg2
Bg6 60. Kf3 Rd8 61. Rxc6+ Kg5 62. Rc5+ Bf5 63. a6 Rh8 64. a7 Ra8 65. Ra5 Kf6
66. Na3 Bc8 67. Nc4 Bb7+ 68. Kxf4 Ke6 69. Nb6 Rf8+ 70. Ke3 Rf3+ 71. Kd2 Rb3 72.
a8=Q Bxa8 73. Nxa8 Rxb4 74. Kc3 Rb7 75. Kc4 Kd7 76. Rc5 Kd6 77. Nc7 1-0

[Event "ITT Semana Santa 2012"]
[Site "Diario abc color"]
[Date "2012.04.05"]
[Round "4.4"]
[White "Peralta, Eduardo"]
[Black "Salinas Herrera, Pablo"]
[Result "0-1"]
[WhiteElo "2265"]
[BlackElo "2366"]
[PlyCount "142"]
[EventDate "2012.04.02"]

1. e4 c5 2. Nf3 e6 3. c3 d5 4. exd5 exd5 5. d4 Nc6 6. Bb5 Bd6 7. O-O Nge7 8.
dxc5 Bxc5 9. Nbd2 O-O 10. Nb3 Bb6 11. h3 Bf5 12. Re1 Qd6 13. Be3 Bxe3 14. Rxe3
Rad8 15. Bxc6 bxc6 16. Nfd4 Bd7 17. Qe2 Nc8 18. Qa6 Nb6 19. Qxa7 c5 20. Qa3 Rc8
21. Na5 Nc4 22. Nxc4 dxc4 23. Nb3 cxb3 24. Qxb3 c4 25. Qc2 Be6 26. b4 cxb3 27.
axb3 Rb8 28. c4 Rfc8 29. Rd1 Qb6 30. Qc3 Qb4 31. Qe5 Qf8 32. Rg3 Rb6 33. Rdd3
f6 34. Qd4 Rbc6 35. Qf4 Kh8 36. Rd4 Qb4 37. Re3 Qb8 38. Qe4 Ra6 39. Rd1 Bf7 40.
Rde1 Re6 41. Qd4 Rxe3 42. Rxe3 Rd8 43. Qa1 Bh5 44. g4 Be8 45. Qe1 h6 46. b4 Ba4
47. Qc3 Qf4 48. Rd3 Rc8 49. Rd4 Qe5 50. Qd2 Bc6 51. b5 Bb7 52. Qe3 Qc7 53. Qd2
Ra8 54. Qc3 Qc5 55. Rd7 Qc8 56. Qd4 Ra1+ 57. Qxa1 Qxd7 58. Qf1 Qd4 59. Kh2 Qf4+
60. Kg1 h5 61. Qe2 Qc1+ 62. Qf1 Qc2 63. Qe1 Kh7 64. Qf1 hxg4 65. hxg4 Kg6 66.
Qh3 Qd1+ 67. Kh2 Qh1+ 68. Kg3 Qg1+ 69. Kh4 Kh6 70. Qg3 g5+ 71. Kh3 Qf1+ 0-1

[Event "ITT Semana Santa 2012"]
[Site "Diario abc color"]
[Date "2012.04.05"]
[Round "5.1"]
[White "Latorre, Matias"]
[Black "Mendez, Ernesto"]
[Result "0-1"]
[WhiteElo "2252"]
[BlackElo "2358"]
[PlyCount "76"]
[EventDate "2012.04.02"]

1. c4 e6 2. Nc3 d5 3. cxd5 exd5 4. d4 c6 5. f3 Nf6 6. Bg5 h6 7. Bh4 Be7 8. Qc2
O-O 9. O-O-O b5 10. Bf2 Nbd7 11. g4 b4 12. Na4 Qa5 13. b3 Nb6 14. Nc5 Nfd7 15.
Nd3 Ba6 16. Kb1 Nc4 17. bxc4 dxc4 18. Nc1 Nb6 19. e4 Na4 20. Nge2 Rab8 21. Be1
c5 22. f4 b3 23. axb3 cxb3 24. Qd2 Rb4 25. dxc5 Qxc5 26. Nc3 Bb7 27. Nd3 Nxc3+
28. Qxc3 Qa5 29. Qb2 Bxe4 30. Bg2 Qa2+ 31. Qxa2 bxa2+ 32. Kxa2 Ra4+ 33. Kb3
Ra3+ 34. Kb2 Bxd3 35. Bd5 Rb8+ 36. Kc1 Rb1+ 37. Kd2 Rb2+ 38. Kc1 Bf6 0-1

[Event "ITT Semana Santa 2012"]
[Site "Diario abc color"]
[Date "2012.04.05"]
[Round "5.3"]
[White "Garcia, Raimundo"]
[Black "Peralta, Eduardo"]
[Result "1-0"]
[WhiteElo "2338"]
[BlackElo "2265"]
[PlyCount "77"]
[EventDate "2012.04.02"]

1. d4 Nf6 2. c4 g6 3. Nc3 Bg7 4. e4 d6 5. Be2 O-O 6. Nf3 c5 7. O-O cxd4 8. Nxd4
Nc6 9. Be3 Bd7 10. Rc1 Nxd4 11. Bxd4 Bc6 12. f3 a5 13. b3 Nd7 14. Bxg7 Kxg7 15.
Qd4+ Kg8 16. Rfd1 Nc5 17. e5 Qb6 18. exd6 exd6 19. Rb1 Rfe8 20. Bf1 Re6 21. a3
Qa7 22. b4 Na4 23. Qxa7 Rxa7 24. Nxa4 Bxa4 25. Rd2 Re3 26. Rxd6 Rxa3 27. Rd8+
Kg7 28. b5 b6 29. c5 Rb3 30. Rxb3 Bxb3 31. cxb6 Rb7 32. Ra8 Rxb6 33. Rxa5 Bd5
34. Kf2 Re6 35. Ra7 h5 36. h4 Kf8 37. Rd7 Bb3 38. Rd3 Bc4 39. Rd8+ 1-0

[Event "ITT Semana Santa 2012"]
[Site "Diario abc color"]
[Date "2012.04.05"]
[Round "5.4"]
[White "Vazquez, Guillermo"]
[Black "Rego, Vinicius V  De Alme"]
[Result "1-0"]
[WhiteElo "2296"]
[BlackElo "2274"]
[PlyCount "53"]
[EventDate "2012.04.02"]

1. e4 c5 2. Nf3 d6 3. c3 g6 4. d4 cxd4 5. cxd4 Bg7 6. h3 Nf6 7. Nc3 O-O 8. Bd3
Nc6 9. O-O Nd7 10. Be3 Nb6 11. Re1 d5 12. e5 f5 13. Ne2 e6 14. h4 Bd7 15. h5
gxh5 16. Nf4 Qe7 17. Nxh5 Be8 18. Nf4 Bf7 19. g3 Nb4 20. Bb1 Rfc8 21. a3 Nc6
22. Kg2 Nd7 23. Rh1 Nf8 24. Nh4 Rc7 25. g4 fxg4 26. Qxg4 Rac8 27. Nxd5 1-0

[Event "ITT Semana Santa 2012"]
[Site "Diario abc color"]
[Date "2012.04.05"]
[Round "5.5"]
[White "Valiente, Cristobal"]
[Black "Villalba, Marcelo"]
[Result "1/2-1/2"]
[WhiteElo "2257"]
[BlackElo "2213"]
[PlyCount "21"]
[EventDate "2012.04.02"]

1. c4 Nf6 2. Nf3 g6 3. g3 Bg7 4. Bg2 c5 5. O-O O-O 6. Nc3 Nc6 7. d4 cxd4 8.
Nxd4 Ng4 9. e3 Nxd4 10. exd4 d6 11. Nb1 1/2-1/2

[Event "ITT Semana Santa 2012"]
[Site "Diario abc color"]
[Date "2012.04.06"]
[Round "6.1"]
[White "Mendez, Ernesto"]
[Black "Villalba, Marcelo"]
[Result "1/2-1/2"]
[WhiteElo "2358"]
[BlackElo "2213"]
[PlyCount "52"]
[EventDate "2012.04.02"]

1. d4 Nf6 2. c4 e6 3. Nc3 d5 4. cxd5 exd5 5. Bg5 Nbd7 6. e3 Be7 7. Bd3 c6 8.
Qc2 Nh5 9. Bxe7 Qxe7 10. Nge2 Nb6 11. O-O g6 12. Rfe1 O-O 13. Ng3 Nxg3 14. hxg3
Be6 15. Qd2 Rfd8 16. Rad1 Rac8 17. Ne2 Qd7 18. Qa5 Ra8 19. Nc3 Bf5 20. Be2 Nc8
21. g4 b6 22. Qa3 Be6 23. g5 Nd6 24. Rc1 Ne4 25. Nxe4 dxe4 26. Rc3 Bd5 1/2-1/2

[Event "ITT Semana Santa 2012"]
[Site "Diario abc color"]
[Date "2012.04.06"]
[Round "6.2"]
[White "Rego, Vinicius V  De Alme"]
[Black "Valiente, Cristobal"]
[Result "1/2-1/2"]
[WhiteElo "2274"]
[BlackElo "2257"]
[PlyCount "49"]
[EventDate "2012.04.02"]

1. d4 Nf6 2. c4 e6 3. Nf3 c5 4. d5 exd5 5. cxd5 d6 6. Nc3 g6 7. Bf4 a6 8. a4
Bg7 9. e4 O-O 10. Be2 Qe7 11. Nd2 Nbd7 12. O-O Ne8 13. Bg3 f5 14. exf5 gxf5 15.
Nf3 Ne5 16. Bf4 Ng6 17. Bg5 Qf7 18. Bc1 h6 19. a5 f4 20. Na4 Bf5 21. Nb6 Rd8
22. Ra4 Nc7 23. Bxf4 Bc2 24. Qxc2 Nxf4 25. Nh4 1/2-1/2

[Event "ITT Semana Santa 2012"]
[Site "Diario abc color"]
[Date "2012.04.06"]
[Round "6.3"]
[White "Peralta, Eduardo"]
[Black "Vazquez, Guillermo"]
[Result "1-0"]
[WhiteElo "2265"]
[BlackElo "2296"]
[PlyCount "83"]
[EventDate "2012.04.02"]

1. d4 f5 2. Bg5 h6 3. Bh4 g5 4. Bg3 Nf6 5. e3 d6 6. h4 g4 7. Ne2 Nh5 8. Nf4
Nxg3 9. fxg3 e5 10. Ng6 Rg8 11. h5 Be6 12. Nc3 Nd7 13. Qe2 Qg5 14. O-O-O O-O-O
15. Kb1 Bg7 16. d5 Bf7 17. e4 f4 18. Qc4 a6 19. a4 Bxg6 20. hxg6 fxg3 21. a5
Rdf8 22. b4 Rf2 23. Na4 Qe3 24. Kb2 Kd8 25. Rd3 Qe1 26. Rc3 Ke7 27. Qxc7 Qxe4
28. Rc4 Qxd5 29. Nb6 Qe6 30. Qxb7 Rd8 31. Nd5+ Kf8 32. Rc8 e4+ 33. Kb3 Nc5+ 34.
bxc5 Rxc8 35. Bxa6 Rd8 36. Bc4 Qe5 37. Qc7 Ra8 38. cxd6 Qb2+ 39. Ka4 Qxc2+ 40.
Kb5 Qb2+ 41. Kc6 Re8 42. Nb6 1-0

[Event "ITT Semana Santa 2012"]
[Site "Diario abc color"]
[Date "2012.04.06"]
[Round "6.5"]
[White "Latorre, Matias"]
[Black "Salinas Herrera, Pablo"]
[Result "0-1"]
[WhiteElo "2252"]
[BlackElo "2366"]
[PlyCount "94"]
[EventDate "2012.04.02"]

1. c4 e5 2. g3 Nf6 3. Bg2 c6 4. d4 exd4 5. Qxd4 d5 6. Bg5 dxc4 7. Qxd8+ Kxd8 8.
Bxf6+ gxf6 9. Nd2 Be6 10. Ngf3 Bb4 11. O-O-O Kc7 12. Nd4 Re8 13. Nxe6+ Rxe6 14.
e3 Bxd2+ 15. Rxd2 Na6 16. Bh3 Re7 17. Bf5 h6 18. Rhd1 Nc5 19. Rd4 b5 20. Kc2
Re5 21. Bg4 Nd3 22. Rd7+ Kb6 23. Rd2 Rd5 24. a3 Ne5 25. R7xd5 cxd5 26. Bh5 Rd8
27. f4 Ng6 28. Bf3 Ne7 29. Bh5 Nf5 30. e4 Ne3+ 31. Kc1 d4 32. Bxf7 d3 33. Rf2
Ng4 34. Rg2 Rd4 35. Bg6 Ne3 36. Rf2 Rd7 37. Kd2 Nc2 38. e5 fxe5 39. fxe5 Nd4
40. e6 Re7 41. Bf7 Kc5 42. Rf6 a5 43. Rxh6 b4 44. Rh5+ Kd6 45. Bg8 Nb3+ 46. Ke1
c3 47. bxc3 bxc3 0-1

[Event "ITT Semana Santa 2012"]
[Site "Diario abc color"]
[Date "2012.04.07"]
[Round "7.1"]
[White "Salinas Herrera, Pablo"]
[Black "Mendez, Ernesto"]
[Result "1-0"]
[WhiteElo "2366"]
[BlackElo "2358"]
[PlyCount "45"]
[EventDate "2012.04.02"]

1. e4 c6 2. d4 d5 3. exd5 cxd5 4. c4 Nf6 5. Nc3 e6 6. Nf3 Bb4 7. cxd5 Nxd5 8.
Qc2 Nc6 9. a3 Be7 10. Bd3 Nf6 11. O-O O-O 12. Rd1 Bd7 13. d5 exd5 14. Nxd5 h6
15. Nxe7+ Qxe7 16. Bf4 Rfe8 17. h3 Rac8 18. Qd2 Be6 19. Bxh6 gxh6 20. Qxh6 Rcd8
21. Ng5 Rxd3 22. Rxd3 Bf5 23. Rg3 1-0

[Event "ITT Semana Santa 2012"]
[Site "Diario abc color"]
[Date "2012.04.07"]
[Round "7.2"]
[White "Garcia, Raimundo"]
[Black "Latorre, Matias"]
[Result "1/2-1/2"]
[WhiteElo "2338"]
[BlackElo "2252"]
[PlyCount "121"]
[EventDate "2012.04.02"]

1. Nf3 Nf6 2. c4 g6 3. Nc3 d5 4. cxd5 Nxd5 5. e4 Nxc3 6. dxc3 Qxd1+ 7. Kxd1 Nd7
8. Bf4 c6 9. Kc2 f6 10. Nd2 e5 11. Be3 Bc5 12. Re1 b5 13. a4 bxa4 14. Nc4 Ke7
15. Na5 Bxe3 16. Rxe3 Kd6 17. Bc4 Kc5 18. Ra1 Nb6 19. b4+ axb3+ 20. Nxb3+ Kd6
21. Na5 Kc7 22. Bb3 Rd8 23. h4 Rd6 24. f3 Be6 25. Bxe6 Rxe6 26. c4 Nd7 27. Nb3
Ree8 28. Rd3 Red8 29. c5 a5 30. Nxa5 Ra6 31. Nb3 Rxa1 32. Nxa1 Nxc5 33. Rxd8
Kxd8 34. Kc3 Ne6 35. Nc2 Ke7 36. Kc4 f5 37. Ne3 fxe4 38. fxe4 Kd6 39. Ng4 h5
40. Nf2 Nf4 41. g3 Ne2 42. g4 Nf4 43. gxh5 Nxh5 44. Nh3 Nf4 45. Ng5 Ng2 46.
Nf7+ Ke6 47. Ng5+ Ke7 48. Nf3 Kd6 49. Kb4 Ne3 50. Kc3 c5 51. Kd3 Ng4 52. Ng5
Kc6 53. Ne6 Kb5 54. Nf8 Kb4 55. Nxg6 Kb3 56. Kd2 c4 57. Kc1 Kc3 58. h5 Kd4 59.
Kc2 Nh6 60. Nxe5 Kxe5 61. Kc3 1/2-1/2

[Event "ITT Semana Santa 2012"]
[Site "Diario abc color"]
[Date "2012.04.07"]
[Round "7.4"]
[White "Valiente, Cristobal"]
[Black "Peralta, Eduardo"]
[Result "1/2-1/2"]
[WhiteElo "2257"]
[BlackElo "2265"]
[PlyCount "22"]
[EventDate "2012.04.02"]

1. e4 e6 2. d4 d5 3. Bd3 dxe4 4. Bxe4 Nf6 5. Bf3 Be7 6. Ne2 O-O 7. O-O Nbd7 8.
c4 c5 9. Nbc3 cxd4 10. Nxd4 a6 11. Re1 Qc7 1/2-1/2

[Event "ITT Semana Santa 2012"]
[Site "Diario abc color"]
[Date "2012.04.07"]
[Round "7.5"]
[White "Villalba, Marcelo"]
[Black "Rego, Vinicius V  De Alme"]
[Result "1/2-1/2"]
[WhiteElo "2213"]
[BlackElo "2274"]
[PlyCount "26"]
[EventDate "2012.04.02"]

1. e4 c5 2. Nf3 d6 3. d4 cxd4 4. Nxd4 Nf6 5. Nc3 g6 6. Be3 Bg7 7. f3 O-O 8. Qd2
Nc6 9. Bc4 Bd7 10. O-O-O Ne5 11. Bb3 Qa5 12. h4 Rfc8 13. Kb1 h5 1/2-1/2